00471nam a2200145Ia 4500008004100000020001800041082001200059100002700071245004900098260000900147500001800156942000700174952012900181999001500310260604s9999 xx 000 0 und d a9781529626391 a302 LIO aSHUANG LIU, ADA935125 0aSAGE HANDBOOK OF INTERCULTURAL COMMUNICATION bSAGE aCommunication cBK 00104070aIIMVbIIMVcLOCKERd2026-06-04g15990.75l0o302 LIOp003502r2026-06-04 10:18:05v15990.75w2026-06-04yBKBLIO c7884d7884